| 000 | 00880nam a2200217 a 4500 | ||
|---|---|---|---|
| 999 |
_c7561 _d7561 |
||
| 003 | OSt | ||
| 005 | 20200313104926.0 | ||
| 008 | 970814r19971997enka b 001 0 eng | ||
| 020 | _a0727725955 | ||
| 082 | 0 | 0 |
_a363.738/4 _221 _bHES |
| 100 | 1 |
_aHester, R. E. _q(Ronald E.) |
|
| 245 | 1 | 0 |
_aContaminated land and its reclamation / _ceditors, R.E. Hester and R.M. Harrison. |
| 260 |
_aLondon : _bThomas Telford ; _aNew York : _bAmerican Society of Civil Engineers, Publications Sales Dept. [distributor], _c1997. |
||
| 300 |
_axv, 145 p. : _bill. ; _c25 cm. |
||
| 500 | _aOriginally published: Cambridge : Royal Society of Chemistry, 1997. | ||
| 504 | _aIncludes bibliographical references and index. | ||
| 650 | 0 | _aHazardous waste site remediation. | |
| 650 | 0 |
_aHazardous waste site remediation _xGovernment policy _zGreat Britain. |
|
| 700 | 1 |
_aHarrison, Roy M., _q1948- |
|
| 942 | _2ddc | ||